Elementos de metafísica /

Guardado en:
Autor Principal: Castellani, Leonardo
Formato: Libro
Publicado: Buenos Aires : Penca, 1977
Materias:
Etiquetas: Agregar Etiqueta
Sin Etiquetas, Sea el primero en etiquetar este registro!
LEADER 00613nam a22001815a 4500
001 EHU.bham028613
008 130507s1977##################000#0#####d
005 20240822092912.0
245 1 0 |a Elementos de metafísica /  |c Leonardo Castellani. 
260 |a Buenos Aires :  |b Penca,  |c 1977 
300 |a 204 p. 
500 |a De acuerdo con los programas de sexto año de las escuelas de magisterio. 
100 1 |a Castellani, Leonardo 
082 1 1 |a 110.7 
653 |a Metafísica-estudio 
653 |a Metafísica-enseñanza de la 
653 |a Filosofía-estudios 
859 |a AR-BHAM  |b BIB. HUMANIDADES - General  |h 110.7  |i C276  |p 781.05  |t Ej.1